Welcome to CU Library Online Public Access Catalogue (OPAC)

Child health nursing : (Record no. 4191)

MARC details
000 -LEADER
fixed length control field 00833cam a2200241 a 4500
001 - CONTROL NUMBER
control field 4509323
005 - DATE AND TIME OF LATEST TRANSACTION
control field 20250223134250.0
008 - FIXED-LENGTH DATA ELEMENTS--GENERAL INFORMATION
fixed length control field 981106s1999 paua b 001 0 eng c
020 ## - INTERNATIONAL STANDARD BOOK NUMBER
International Standard Book Number 9780781716246
050 00 - LIBRARY OF CONGRESS CALL NUMBER
Classification number RJ245
Item number .P538 1999
082 00 - DEWEY DECIMAL CLASSIFICATION NUMBER
Classification number 610.73/62
Edition information 21
100 1# - MAIN ENTRY--PERSONAL NAME
Personal name Pillitteri, Adele.
245 10 - TITLE STATEMENT
Title Child health nursing :
Remainder of title care of the child and family /
Statement of responsibility, etc. Adele Pillitteri.
260 ## - PUBLICATION, DISTRIBUTION, ETC.
Place of publication, distribution, etc. Philadelphia :
Name of publisher, distributor, etc. Lippincott Williams & Wilkins,
Date of publication, distribution, etc. c1999.
300 ## - PHYSICAL DESCRIPTION
Extent xxx, 1196 p. :
Other physical details ill. (chiefly col.) ;
Dimensions 29 cm. +
Accompanying material 1 laser optical disc (4 3/4 in.).
650 #0 - SUBJECT ADDED ENTRY--TOPICAL TERM
Topical term or geographic name entry element Pediatric nursing.
650 #0 - SUBJECT ADDED ENTRY--TOPICAL TERM
Topical term or geographic name entry element Child care.
650 12 - SUBJECT ADDED ENTRY--TOPICAL TERM
Topical term or geographic name entry element Nursing Care
General subdivision in infancy & childhood.
650 22 - SUBJECT ADDED ENTRY--TOPICAL TERM
Topical term or geographic name entry element Pediatric Nursing
General subdivision methods.
650 22 - SUBJECT ADDED ENTRY--TOPICAL TERM
Topical term or geographic name entry element Maternal-Child Nursing
General subdivision methods.
650 22 - SUBJECT ADDED ENTRY--TOPICAL TERM
Topical term or geographic name entry element Family Health
Form subdivision nurses' instruction.
942 ## - ADDED ENTRY ELEMENTS (KOHA)
Source of classification or shelving scheme Library of Congress Classification
Koha item type Books
Suppress in OPAC No
999 ## -
-- 4191
-- 4191
Holdings
Withdrawn status Lost status Source of classification or shelving scheme Damaged status Not for loan Collection Home library Current library Shelving location Date acquired Total checkouts Full call number Barcode Date last seen Copy number Price effective from Koha item type
    Library of Congress Classification     Non-fiction Science Library (Miotso) Science Library (Miotso) General stacks 02/23/2025   RJ245 .P538 PIL SLM00003818 02/23/2025 1 02/23/2025 Books
© 2023-2024 Copyright: Central University Libraries. All Rights Reserved | Created by: Mahone Tech Office